00313nam a2200121Ia 4500008004100000041000800041082001200049100002100061245002500082260005100107300002400158365000900182240624s9999 xx 000 0 und d aeng a828 CAS aCASTANEDA CARLOS aSECOND RING OF POWER c1991aNew DelhibCentral News Agency Pvt. Ltd. a328 : p. : cm. ; 22 cb20